|
|
|
|
| LEADER |
01185nam a2200337 a 4500 |
| 001 |
28530 |
| 003 |
BD-DhAAL |
| 005 |
20141108101625.0 |
| 008 |
141108r19901983ii 000 1 eng d |
| 010 |
|
|
|a 2007032041
|
| 020 |
|
|
|a 9781571310637 (pbk. : acidfree paper)
|
| 020 |
|
|
|a 0140148116
|
| 040 |
|
|
|a DLC
|c DLC
|d BD-DhAAL
|
| 041 |
|
|
|a eng
|
| 043 |
|
|
|a a-pk---
|
| 050 |
0 |
0 |
|a PR9540.9.S53
|b B7 2008
|
| 082 |
0 |
0 |
|a 823/.914
|2 22
|
| 100 |
1 |
|
|a Sidhwa, Bapsi.
|9 5967
|
| 240 |
1 |
0 |
|a Bride
|
| 245 |
1 |
4 |
|a The Pakistani bride /
|c Bapsi Sidhwa.
|
| 260 |
|
|
|a New York ;
|a New Delhi :
|b Penguin Books,
|c c1983, 1990
|
| 300 |
|
|
|a 245 p. ;
|c 21 cm.
|
| 541 |
|
|
|e 28530
|
| 650 |
|
0 |
|a Orphans
|v Fiction.
|9 5638
|
| 650 |
|
0 |
|a Women
|z Pakistan
|v Fiction.
|9 5968
|
| 650 |
|
0 |
|a Culture conflict
|v Fiction.
|9 5969
|
| 651 |
|
0 |
|a Himalaya Mountains Region
|x Social life and customs
|v Fiction.
|9 5970
|
| 651 |
|
0 |
|a Pakistan
|x Social life and customs
|v Fiction.
|9 5971
|
| 942 |
|
|
|2 ddc
|c BK
|
| 999 |
|
|
|c 33020
|d 33020
|
| 952 |
|
|
|0 0
|1 0
|2 ddc
|4 0
|6 823_914000000000000_SID
|7 0
|9 44001
|a BRACUL
|b BRACUL
|c GEN
|d 2014-11-08
|e Paragon Enterprises Ltd.
|g 370.00
|l 14
|m 65
|o 823.914 SID
|p 3010028530
|r 2025-07-20
|s 2025-07-13
|t 1
|w 2014-11-08
|y BK
|